00577nam a2200205 a 4500008004100000020001500041050001700056100001700073245004000090260004900130300002300179350000900202500004700211650002500258650002200283650002100305650001000326650001400336650002100350120416s1989 ||||||||||||||||| || u a0875842011 aHC 79.C6 Bar aBartos, Rena10aMarketing to women around the world aBoston:bHarvard Business School Pressc1989 axvii, 320p. : ill. a0.00 aIncludes index. -Bibliography: p. 287-309. aWOMEN IN ADVERTISING aWOMEN--EMPLOYMENT aWOMEN--MARKETING aWOMEN 0aMARKETING aWOMEN--CONSUMERS